Commercial arithmatic and elements of statistics (Record no. 6010)

MARC details
000 -LEADER
fixed length control field 00589cam a2200217ua 4500
001 - CONTROL NUMBER
control field 6868
005 - DATE AND TIME OF LATEST TRANSACTION
control field 20260515114123.0
008 - FIXED-LENGTH DATA ELEMENTS--GENERAL INFORMATION
fixed length control field 140304n ii |||gr||||Z||||||eng
020 ## - INTERNATIONAL STANDARD BOOK NUMBER
International Standard Book Number 81-7096-550-0
040 ## - CATALOGING SOURCE
Transcribing agency MAIN
082 ## - DEWEY DECIMAL CLASSIFICATION NUMBER
Classification number 513
245 ## - TITLE STATEMENT
Title Commercial arithmatic and elements of statistics
Statement of responsibility, etc. By S.C. Chanda
250 ## - EDITION STATEMENT
Edition statement 1st ed.
260 ## - PUBLICATION, DISTRIBUTION, ETC.
Place of publication, distribution, etc. Ludhiana:
Name of publisher, distributor, etc. Kalyani publishers,
Date of publication, distribution, etc. 1991.
300 ## - PHYSICAL DESCRIPTION
Extent x,211p.
653 ## - INDEX TERM--UNCONTROLLED
Uncontrolled term Arithmetic
653 ## - INDEX TERM--UNCONTROLLED
Uncontrolled term Commercial arithmatic and elements of statistics
700 ## - ADDED ENTRY--PERSONAL NAME
Personal name Chanda,S.C.,
Relator term Author.,
700 ## - ADDED ENTRY--PERSONAL NAME
Personal name Nag,N.K.,
Relator term Author.
942 ## - ADDED ENTRY ELEMENTS (KOHA)
Koha item type Books
Holdings
Withdrawn status Lost status Damaged status Not for loan Home library Current library Shelving location Date acquired Total checkouts Full call number Barcode Date last seen Copy number Price effective from Koha item type
        Naharkatiya College Library Naharkatiya College Library General stacks 09/19/2020   513 | CHA 13557 09/19/2020 3 09/19/2020 Books
        Naharkatiya College Library Naharkatiya College Library General stacks 09/19/2020   513 | CHA 13558 09/19/2020 5 09/19/2020 Books
        Naharkatiya College Library Naharkatiya College Library General stacks 09/19/2020   513 | CHA 13559 09/19/2020 1 09/19/2020 Books
        Naharkatiya College Library Naharkatiya College Library General stacks 09/19/2020   513 | CHA 13560 09/19/2020 2 09/19/2020 Books
        Naharkatiya College Library Naharkatiya College Library General stacks 09/19/2020   513 | CHA 14614 09/19/2020 4 09/19/2020 Books